00880nam a2200241Ia 4500001000600000003000900006008004100015040001300056040001300069041001300082100001900095100002900114245001900143245001900162250001100181260001100192260001600203260004900219300004300268500026900311650002700580650003100607 6432IT-RoPAU130308s9999 xx 000 0 und d aIT-RoPAU cIT-RoPAU aITALIANO aLazzarin Paolo gCodice Aut. SPICS: 4798 aFotogrammi (I) bFotogrammi (I) a1a ed. aMILANO bIl Castello c1976 [1° Ed.:1976 - Ed.Ling.Originale:1976] a"108 p. (prefazione: no ; testo: 108)" aEmulsioni fotografiche Come si Realizzano I Fotogrammi camera Oscura Attrezzature e Materiali Esposizione Sviluppo e Fissaggio immagine degli Oggetticontrasti e Carta sorgenti di Luce Possibilità dell'Ingranditore Composizione dell'Immagine Movimento Chimigrammi aLINGUAGGIO FOTOGRAFICO eCodice materia Spics: 6754